[Event "Madrid 2023-2024ch - Semifinal"]
[Site "Madrid ESP"]
[Date "2024.05.09"]
[Round "4.3"]
[White "Torres Boch, Jose Francisco"]
[Black "Rodriguez Melendez, Juan Humbert"]
[Result "0-1"]
[WhiteElo "2126"]
[BlackElo "2073"]
[PlyCount "80"]
[EventDate "2024.05.06"]
[EventRounds "7"]
[SourceTitle "AjedrezenMadrid"]
[Source "lmi"]
[SourceDate "2024.05.06"]
[SourceVersion "1"]
[SourceVersionDate "2024.05.12"]
[SourceQuality "1"]

1. e4 c5 2. Nf3 Nc6 3. d4 cxd4 4. Nxd4 Nf6 5. Nc3 e5 6. Ndb5 d6 7. Bg5 a6 8.
Bxf6 gxf6 9. Na3 b5 10. Nd5 Bg7 11. Bd3 Ne7 12. Nxe7 Qxe7 13. Qf3 O-O 14. c3 f5
15. Qh5 d5 16. exd5 e4 17. Be2 b4 18. Nc4 bxc3 19. O-O cxb2 20. Rad1 Rb8 21.
Na5 Qa3 22. Nc6 Rb6 23. Bc4 Bd7 24. Bb3 a5 25. g4 a4 26. Bc2 fxg4 27. Bxe4 f5
28. Bb1 Qf3 29. Ne7+ Kh8 30. d6 Be8 31. Qg5 Be5 32. d7 Qh3 33. f4 gxf3 34. Rf2
Rh6 35. Bxf5 Bxh2+ 36. Kh1 Bf4+ 37. Bxh3 Rxh3+ 38. Kg1 Bxg5 39. d8=Q Bxe7 40.
Rxf3 Rg8+ 0-1

[Event "Madrid 2023-2024ch - Semifinal"]
[Site "Madrid ESP"]
[Date "2024.05.09"]
[Round "4.4"]
[White "Bravo De La Vega, Alvaro"]
[Black "Garcia Dorado, Alberto"]
[Result "1/2-1/2"]
[WhiteElo "2027"]
[BlackElo "2199"]
[PlyCount "22"]
[EventDate "2024.05.06"]
[EventRounds "7"]
[SourceTitle "AjedrezenMadrid"]
[Source "lmi"]
[SourceDate "2024.05.06"]
[SourceVersion "1"]
[SourceVersionDate "2024.05.12"]
[SourceQuality "1"]

1. d4 Nf6 2. Bf4 d5 3. e3 c5 4. dxc5 Nc6 5. Bb5 a6 6. Bxc6+ bxc6 7. b4 a5 8. c3
Ba6 9. Nd2 Nd7 10. Ngf3 g6 11. Ne5 Nxe5 1/2-1/2

[Event "Madrid 2023-2024ch - Semifinal"]
[Site "Madrid ESP"]
[Date "2024.05.09"]
[Round "4.5"]
[White "Gutierrez Diaz, Pablo"]
[Black "Martinez Fernandez, Raul"]
[Result "1-0"]
[WhiteElo "1994"]
[BlackElo "2181"]
[PlyCount "69"]
[EventDate "2024.05.06"]
[EventRounds "7"]
[SourceTitle "AjedrezenMadrid"]
[Source "lmi"]
[SourceDate "2024.05.06"]
[SourceVersion "1"]
[SourceVersionDate "2024.05.12"]
[SourceQuality "1"]

1. d4 Nf6 2. c4 e6 3. a3 d5 4. Nc3 b6 5. Nf3 Bb7 6. Bg5 h6 7. Bxf6 Qxf6 8. cxd5
exd5 9. Nb5 Qd8 10. e3 a6 11. Nc3 Bd6 12. Bd3 O-O 13. g4 Nd7 14. Rg1 g6 15. g5
h5 16. Nh4 Kg7 17. Qf3 c5 18. Ne2 cxd4 19. exd4 Re8 20. Kf1 Bxh2 21. Rg2 Bc7
22. Ng3 Bxg3 23. Rxg3 Nf8 24. Qf4 Re6 25. Rf3 Qe7 26. Bf5 Rc6 27. Re1 Qc7 28.
Re5 Nh7 29. Rfe3 gxf5 30. Nxf5+ Kf8 31. Ne7 Rc1+ 32. Kg2 Qc4 33. Re2 Kg7 34.
Nf5+ Kf8 35. Nd6 1-0

[Event "Madrid 2023-2024ch - Semifinal"]
[Site "Madrid ESP"]
[Date "2024.05.09"]
[Round "4.6"]
[White "Vioque Gonzalez, Nicolas"]
[Black "Urrutia Gonzalez, Javier"]
[Result "1/2-1/2"]
[WhiteElo "2045"]
[BlackElo "1983"]
[PlyCount "44"]
[EventDate "2024.05.06"]
[EventRounds "7"]
[SourceTitle "AjedrezenMadrid"]
[Source "lmi"]
[SourceDate "2024.05.06"]
[SourceVersion "1"]
[SourceVersionDate "2024.05.12"]
[SourceQuality "1"]

1. d4 d5 2. Nc3 Nf6 3. Bg5 h6 4. Bh4 c5 5. e3 cxd4 6. exd4 Nc6 7. Nf3 a6 8. Be2
Bf5 9. O-O e6 10. Bd3 Bg4 11. Re1 Be7 12. Bxf6 Bxf6 13. h3 Bxf3 14. Qxf3 O-O
15. Ne2 Nxd4 16. Nxd4 Bxd4 17. c3 Ba7 18. Rad1 Qf6 19. Qe2 Rad8 20. Bc2 e5 21.
Rd2 Rfe8 22. Red1 e4 1/2-1/2

[Event "Madrid 2023-2024ch - Semifinal"]
[Site "Madrid ESP"]
[Date "2024.05.09"]
[Round "4.7"]
[White "Rios Rebollo, Victor"]
[Black "Mansor Habash, Zouheir"]
[Result "1-0"]
[WhiteElo "2039"]
[BlackElo "1818"]
[PlyCount "120"]
[EventDate "2024.05.06"]
[EventRounds "7"]
[SourceTitle "AjedrezenMadrid"]
[Source "lmi"]
[SourceDate "2024.05.06"]
[SourceVersion "1"]
[SourceVersionDate "2024.05.12"]
[SourceQuality "1"]

1. d4 Nf6 2. c4 c5 3. d5 b5 4. Qc2 b4 5. e4 d6 6. h3 g6 7. Nf3 Bg7 8. Bd3 a5 9.
a3 O-O 10. O-O Nbd7 11. Re1 e5 12. g4 Nb6 13. Be3 Bd7 14. Nbd2 Qe7 15. Nf1 Rfb8
16. axb4 axb4 17. b3 h5 18. g5 Ne8 19. Kh2 Nc7 20. Rxa8 Rxa8 21. Qb2 Bc8 22.
Ng3 Qd7 23. Bf1 f5 24. gxf6 Bxf6 25. Ra1 Na6 26. Ra5 Bd8 27. Ra2 Ra7 28. Qd2
Qh7 29. Bg5 Bxg5 30. Qxg5 Qf7 31. Qd8+ Qf8 32. Qxb6 Rb7 33. Qxa6 Rf7 34. Qc6
Rxf3 35. Kg1 h4 36. Ra8 Kh7 37. Qxc8 Qf6 38. Qg8+ Kh6 39. Qh8+ Qxh8 40. Rxh8+
Kg7 41. Rxh4 Rxb3 42. Rg4 Rb1 43. Nf5+ Kf6 44. Nxd6 b3 45. Rg3 Ke7 46. Nb7 g5
47. Nxc5 b2 48. Rb3 Kd6 49. Nd3 g4 50. c5+ Kd7 51. Rxb2 Ra1 52. Nxe5+ Kc7 53.
hxg4 Kc8 54. d6 Rc1 55. c6 Rd1 56. Nc4 Rc1 57. g5 Rc3 58. g6 Rf3 59. g7 Rf7 60.
g8=Q+ Rf8 1-0

[Event "Madrid 2023-2024ch - Semifinal"]
[Site "Madrid ESP"]
[Date "2024.05.09"]
[Round "4.8"]
[White "Quiroga Andres, Carlos"]
[Black "Torres Rebolledo, Alvaro"]
[Result "0-1"]
[WhiteElo "1654"]
[BlackElo "2100"]
[PlyCount "82"]
[EventDate "2024.05.06"]
[EventRounds "7"]
[SourceTitle "AjedrezenMadrid"]
[Source "lmi"]
[SourceDate "2024.05.06"]
[SourceVersion "1"]
[SourceVersionDate "2024.05.12"]
[SourceQuality "1"]

1. Nf3 Nf6 2. d4 e6 3. c4 d5 4. Nc3 Bb4 5. Qc2 O-O 6. Bg5 h6 7. Bh4 dxc4 8. a3
Bxc3+ 9. bxc3 c5 10. e4 cxd4 11. Bxc4 Qc7 12. Bxf6 Qxc4 13. Bxd4 Nc6 14. Qe2
Qxe2+ 15. Kxe2 b6 16. Rhb1 Ba6+ 17. Kd2 Rfd8 18. Ke3 Na5 19. Nd2 e5 20. Bxe5
Rd3+ 21. Kf4 Rxd2 22. Bd4 Nc6 23. Kf3 Rd3+ 24. Kf4 Nxd4 25. cxd4 Rxd4 26. f3
Rd2 27. Kg3 Rc8 28. Rg1 Rcc2 29. Rab1 Bc4 30. Rbe1 Ra2 31. Re3 Rd3 32. Ree1
Raxa3 33. Rc1 b5 34. h3 a5 35. Kh2 Rac3 36. Ra1 a4 37. Rab1 a3 38. Ra1 a2 39.
Rge1 b4 40. Re2 b3 41. Rb2 Rc2 0-1

[Event "Madrid 2023-2024ch - Semifinal"]
[Site "Madrid ESP"]
[Date "2024.05.09"]
[Round "4.9"]
[White "Vukotic Jovsic, Dragan"]
[Black "Perez Diez, Victor"]
[Result "0-1"]
[WhiteElo "1849"]
[BlackElo "2012"]
[PlyCount "48"]
[EventDate "2024.05.06"]
[EventRounds "7"]
[SourceTitle "AjedrezenMadrid"]
[Source "lmi"]
[SourceDate "2024.05.06"]
[SourceVersion "1"]
[SourceVersionDate "2024.05.12"]
[SourceQuality "1"]

1. d4 d5 2. Nf3 Nf6 3. Bf4 c5 4. e3 Nc6 5. c3 Qb6 6. Qb3 c4 7. Qxb6 axb6 8. Na3
Bf5 9. Be2 e6 10. Nb5 Ra5 11. Nd6+ Bxd6 12. Bxd6 Ne4 13. Bc7 Kd7 14. Bxb6 Rb5
15. Bc5 Rxb2 16. Ba3 Rb5 17. Nh4 Nxc3 18. Nxf5 exf5 19. Bf3 Ra8 20. Bc1 Rxa2
21. Rxa2 Nxa2 22. O-O c3 23. g4 c2 24. gxf5 Nxc1 0-1

[Event "Madrid 2023-2024ch - Semifinal"]
[Site "Madrid ESP"]
[Date "2024.05.09"]
[Round "4.10"]
[White "Moreno Lopez, Avelino"]
[Black "Lopez de Turiso Sanchez, Jose An"]
[Result "1/2-1/2"]
[WhiteElo "2001"]
[BlackElo "1943"]
[PlyCount "78"]
[EventDate "2024.05.06"]
[EventRounds "7"]
[SourceTitle "AjedrezenMadrid"]
[Source "lmi"]
[SourceDate "2024.05.06"]
[SourceVersion "1"]
[SourceVersionDate "2024.05.12"]
[SourceQuality "1"]

1. d4 Nf6 2. c4 e5 3. dxe5 Ne4 4. Bd2 Nc6 5. Nf3 Bc5 6. e3 Qe7 7. Qc2 Nxd2 8.
Nbxd2 Nxe5 9. Be2 O-O 10. O-O d6 11. Nb3 Bb6 12. h3 c6 13. Nbd4 Qf6 14. Rad1
Bd7 15. Nxe5 Qxe5 16. Nf3 Qf6 17. Qd2 Bc7 18. Qd4 Qxd4 19. Nxd4 Rad8 20. Bf3 a5
21. a3 a4 22. Be4 g6 23. Bc2 Ra8 24. Rc1 Ra5 25. Rfd1 Kg7 26. e4 Re8 27. Kf1 h5
28. Ra1 Kf6 29. b4 axb3 30. Nxb3 Rae5 31. f4 R5e7 32. c5 dxc5 33. e5+ Kg7 34.
Nxc5 Bc8 35. Ne4 Bf5 36. Ra2 Bxe4 37. Bxe4 Rd8 38. Rxd8 Bxd8 39. Rb2 Ba5
1/2-1/2

[Event "Madrid 2023-2024ch - Semifinal"]
[Site "Madrid ESP"]
[Date "2024.05.09"]
[Round "4.11"]
[White "Blazquez Sanz, Oscar"]
[Black "Cardena Contreras, Javier"]
[Result "1-0"]
[WhiteElo "1965"]
[BlackElo "1885"]
[PlyCount "77"]
[EventDate "2024.05.06"]
[EventRounds "7"]
[SourceTitle "AjedrezenMadrid"]
[Source "lmi"]
[SourceDate "2024.05.06"]
[SourceVersion "1"]
[SourceVersionDate "2024.05.12"]
[SourceQuality "1"]

1. e4 c5 2. Nf3 Nf6 3. e5 Nd5 4. Nc3 e6 5. Nxd5 exd5 6. c3 d6 7. d4 cxd4 8.
Qxd4 dxe5 9. Bb5+ Nc6 10. Nxe5 Bd7 11. Qxd5 Nxe5 12. Qxe5+ Be7 13. Bg5 O-O 14.
Bxe7 Re8 15. O-O-O Rxe7 16. Qd6 Re8 17. Qxd7 Qg5+ 18. Kb1 Red8 19. Qxd8+ Rxd8
20. Rxd8+ Qxd8 21. Re1 Kf8 22. Kc2 f5 23. Re8+ Qxe8 24. Bxe8 Kxe8 25. Kd3 Kd7
26. Kd4 Kd6 27. f4 h6 28. h4 Ke6 29. a4 Kf6 30. h5 g5 31. g3 Ke6 32. fxg5 hxg5
33. b4 Kf6 34. Ke3 Kg7 35. Kf3 Kh6 36. g4 f4 37. c4 Kg7 38. c5 Kf6 39. b5 1-0

[Event "Madrid 2023-2024ch - Semifinal"]
[Site "Madrid ESP"]
[Date "2024.05.09"]
[Round "4.12"]
[White "Martin Martin, Luis Vicente"]
[Black "Anton Ortiz, Carlos"]
[Result "1/2-1/2"]
[WhiteElo "1953"]
[BlackElo "1766"]
[PlyCount "57"]
[EventDate "2024.05.06"]
[EventRounds "7"]
[SourceTitle "AjedrezenMadrid"]
[Source "lmi"]
[SourceDate "2024.05.06"]
[SourceVersion "1"]
[SourceVersionDate "2024.05.12"]
[SourceQuality "1"]

1. d4 Nf6 2. Bf4 c5 3. e3 e6 4. c3 Nc6 5. Nf3 Be7 6. h3 b6 7. Bd3 Bb7 8. O-O d6
9. e4 cxd4 10. cxd4 O-O 11. Nc3 Re8 12. Rc1 Rc8 13. Bb1 Nxd4 14. Nxd4 e5 15.
Be3 exd4 16. Bxd4 Nd7 17. Nd5 Bxd5 18. Rxc8 Qxc8 19. exd5 Bf6 20. Be3 Bxb2 21.
Bxh7+ Kxh7 22. Qb1+ Kg8 23. Qxb2 Qc4 24. Qa3 Qxd5 25. Qxa7 Ne5 26. Qxb6 Nc4 27.
Qd4 Nxe3 28. fxe3 Qxa2 29. Qxd6 1/2-1/2

[Event "Madrid 2023-2024ch - Semifinal"]
[Site "Madrid ESP"]
[Date "2024.05.09"]
[Round "4.14"]
[White "San Vicente Crespo, Pablo"]
[Black "Marin Lopez, Juan Jose"]
[Result "1-0"]
[WhiteElo "1926"]
[BlackElo "1877"]
[PlyCount "125"]
[EventDate "2024.05.06"]
[EventRounds "7"]
[SourceTitle "AjedrezenMadrid"]
[Source "lmi"]
[SourceDate "2024.05.06"]
[SourceVersion "1"]
[SourceVersionDate "2024.05.12"]
[SourceQuality "1"]

1. e4 e5 2. Nf3 Nc6 3. Bc4 Bc5 4. d3 a6 5. Nc3 h6 6. O-O d6 7. Be3 Nf6 8. Bxc5
dxc5 9. Bd5 Ne7 10. Nxe5 Nexd5 11. exd5 O-O 12. Ne4 Qxd5 13. Nxf6+ gxf6 14. Ng4
Qg5 15. Ne3 Bd7 16. f4 Qh4 17. Rf3 Kh8 18. f5 Rg8 19. Qf1 Rae8 20. Re1 Bc6 21.
Rf4 Qg5 22. Rg4 Qh5 23. h3 Rxg4 24. Nxg4 Rxe1 25. Qxe1 Qxf5 26. Qh4 Qg5 27.
Qxg5 hxg5 28. Nxf6 Kg7 29. Ne4 c4 30. Nxg5 cxd3 31. cxd3 Kf6 32. h4 Bb5 33. d4
Bc4 34. a3 Kg6 35. Kf2 Kf5 36. Kg3 Bd5 37. Nf3 Kg6 38. Kf4 Be6 39. g4 Bd5 40.
Ne5+ Kg7 41. Kf5 Be6+ 42. Kf4 f6 43. Nd3 Bd5 44. Kf5 Bb3 45. Nf2 Kf7 46. Ne4
Be6+ 47. Kf4 Bd5 48. Nc5 a5 49. Ne4 Kg6 50. Nc3 Bc6 51. d5 Bd7 52. Ne4 Ba4 53.
Nc5 Bc2 54. Nxb7 Bb3 55. Nxa5 Bxd5 56. b3 Kf7 57. Nc4 Ke7 58. a4 Be6 59. a5 Kd7
60. h5 Bg8 61. Kf5 Be6+ 62. Kxf6 Bxg4 63. h6 1-0

[Event "Madrid 2023-2024ch - Semifinal"]
[Site "Madrid ESP"]
[Date "2024.05.09"]
[Round "4.15"]
[White "Alvarez Abejon, Amilcar"]
[Black "Bocancea, Cristian Andrei"]
[Result "1-0"]
[WhiteElo "1924"]
[BlackElo "1858"]
[PlyCount "35"]
[EventDate "2024.05.06"]
[EventRounds "7"]
[SourceTitle "AjedrezenMadrid"]
[Source "lmi"]
[SourceDate "2024.05.06"]
[SourceVersion "1"]
[SourceVersionDate "2024.05.12"]
[SourceQuality "1"]

1. d4 Nf6 2. Bf4 e6 3. e3 c5 4. Nd2 b6 5. Ngf3 Bb7 6. Nc4 cxd4 7. Nd6+ Bxd6 8.
Bxd6 dxe3 9. fxe3 Nc6 10. Bd3 b5 11. Qe2 a6 12. O-O-O Qa5 13. Kb1 Nb4 14. a3
Nxd3 15. Qxd3 Rc8 16. Nd2 Qa4 17. Bb4 Rg8 18. b3 1-0

[Event "Madrid 2023-2024ch - Semifinal"]
[Site "Madrid ESP"]
[Date "2024.05.09"]
[Round "4.16"]
[White "Zhao, Yuyang"]
[Black "Arevillca Colque, Jonatan"]
[Result "1-0"]
[WhiteElo "1809"]
[BlackElo "1912"]
[PlyCount "93"]
[EventDate "2024.05.06"]
[EventRounds "7"]
[SourceTitle "AjedrezenMadrid"]
[Source "lmi"]
[SourceDate "2024.05.06"]
[SourceVersion "1"]
[SourceVersionDate "2024.05.12"]
[SourceQuality "1"]

1. d4 d5 2. Nf3 Nf6 3. e3 e6 4. b3 Bd6 5. Bb2 O-O 6. Bd3 b6 7. O-O Bb7 8. Nbd2
Nbd7 9. Ne5 Bxe5 10. dxe5 Ne4 11. Bxe4 dxe4 12. Qg4 Nc5 13. Rfd1 Qe7 14. a4 a5
15. Nf1 Rad8 16. Ng3 h6 17. h4 Rxd1+ 18. Rxd1 Rd8 19. Nh5 Rxd1+ 20. Kh2 g6 21.
Nf6+ Kg7 22. Qxd1 h5 23. g4 hxg4 24. Qxg4 Kh8 25. Qg5 Qf8 26. h5 Qg7 27. hxg6
Qxg6 28. Qh4+ Kg7 29. Ne8+ Kg8 30. Nf6+ Kg7 31. Ne8+ Kg8 32. Nxc7 Nd3 33. Bc3
Nc1 34. Qg3 Qxg3+ 35. fxg3 Na2 36. Bd2 Nb4 37. Bxb4 axb4 38. g4 Kf8 39. Kg3 Ke7
40. Kf4 f6 41. Nb5 Bd5 42. Nd6 Kd7 43. Nxe4 fxe5+ 44. Kxe5 Ke7 45. Ng5 Bc6 46.
Nxe6 Bd7 47. Nc7 1-0

[Event "Madrid 2023-2024ch - Semifinal"]
[Site "Madrid ESP"]
[Date "2024.05.09"]
[Round "4.18"]
[White "Moya Barba, Diego"]
[Black "Godoy Herrera, Carlos"]
[Result "1-0"]
[WhiteElo "1881"]
[BlackElo "1834"]
[PlyCount "47"]
[EventDate "2024.05.06"]
[EventRounds "7"]
[SourceTitle "AjedrezenMadrid"]
[Source "lmi"]
[SourceDate "2024.05.06"]
[SourceVersion "1"]
[SourceVersionDate "2024.05.12"]
[SourceQuality "1"]

1. Nf3 Nf6 2. d4 d5 3. c4 e6 4. Bg5 Be7 5. Nc3 Nbd7 6. e3 c6 7. cxd5 exd5 8.
Bd3 Qb6 9. a3 h6 10. Bh4 Ne4 11. Bxe7 Kxe7 12. O-O Re8 13. Qc2 Nxc3 14. bxc3
Kf8 15. c4 Nf6 16. Rfb1 Qd8 17. Ne5 Re7 18. c5 Qc7 19. Rb2 Kg8 20. a4 Qa5 21.
Rab1 Rb8 22. Nxc6 Qc7 23. Nxe7+ Qxe7 24. c6 1-0

[Event "Madrid 2023-2024ch - Semifinal"]
[Site "Madrid ESP"]
[Date "2024.05.09"]
[Round "4.19"]
[White "Garcia Tanjala, Marko"]
[Black "Ortega Sanchez Montanez, Marcos"]
[Result "0-1"]
[WhiteElo "1713"]
[BlackElo "1879"]
[PlyCount "104"]
[EventDate "2024.05.06"]
[EventRounds "7"]
[SourceTitle "AjedrezenMadrid"]
[Source "lmi"]
[SourceDate "2024.05.06"]
[SourceVersion "1"]
[SourceVersionDate "2024.05.12"]
[SourceQuality "1"]

1. e4 c6 2. d4 d5 3. exd5 cxd5 4. Bd3 Nf6 5. h3 g6 6. c3 Bf5 7. Nf3 Bxd3 8.
Qxd3 Bg7 9. Qb5+ Qd7 10. Qxd7+ Nfxd7 11. Bf4 Nc6 12. Nbd2 b5 13. O-O O-O 14. b4
a5 15. a3 e5 16. Be3 e4 17. Nh2 Nb6 18. Nb3 Nc4 19. Nc5 Ra7 20. bxa5 Rxa5 21.
a4 Rfa8 22. Ra2 bxa4 23. Rb1 R5a7 24. Nf1 Bf8 25. Nd2 Nxe3 26. fxe3 Bxc5 27.
dxc5 Ra5 28. c4 dxc4 29. Nxe4 f5 30. Nf6+ Kg7 31. Nd7 R8a7 32. Rb6 Rxd7 33.
Rxc6 c3 34. Rd6 Rxd6 35. cxd6 Kf6 36. Kf1 Ke6 37. Ke2 Kxd6 38. Kd3 Ke5 39. Kxc3
Ke4 40. Kd2 a3 41. Ke2 g5 42. Kd2 Rd5+ 43. Ke2 Rd3 44. Kf2 Rxe3 45. Ra1 Rb3 46.
Re1+ Kf4 47. Re8 Rb2+ 48. Kf1 a2 49. Ra8 Rb1+ 50. Kf2 a1=Q 51. Re8 Rf1+ 52. Ke2
Qd1# 0-1

[Event "Madrid 2023-2024ch - Semifinal"]
[Site "Madrid ESP"]
[Date "2024.05.09"]
[Round "4.20"]
[White "Urosa Sanchez, Pablo"]
[Black "Pashov, Spas Nikolov"]
[Result "0-1"]
[WhiteElo "1827"]
[BlackElo "1893"]
[PlyCount "94"]
[EventDate "2024.05.06"]
[EventRounds "7"]
[SourceTitle "AjedrezenMadrid"]
[Source "lmi"]
[SourceDate "2024.05.06"]
[SourceVersion "1"]
[SourceVersionDate "2024.05.12"]
[SourceQuality "1"]

1. e4 e5 2. Nf3 Nc6 3. Bc4 Bc5 4. c3 Nf6 5. d3 d6 6. Nbd2 Na5 7. Bb5+ c6 8. Ba4
b5 9. Bc2 Bb6 10. O-O O-O 11. Re1 Ng4 12. Re2 f5 13. b4 Nb7 14. h3 Nh6 15. Re1
f4 16. d4 Qf6 17. Bb2 Bc7 18. dxe5 dxe5 19. Qe2 Be6 20. Bb3 Nf7 21. c4 a6 22.
Rec1 Rfc8 23. cxb5 cxb5 24. Rc2 Bd6 25. Rac1 Rxc2 26. Rxc2 Bxb3 27. Nxb3 Bxb4
28. Rc7 Nbd6 29. a3 Qe6 30. Qd3 Nc4 31. Bc1 Rd8 32. Qc2 Bxa3 33. Bxa3 Nxa3 34.
Qc3 Nc4 35. Nbd2 Qd6 36. Rxc4 bxc4 37. Qxc4 g6 38. Ng5 Rd7 39. Ndf3 Kg7 40.
Ne6+ Kf6 41. Ned4 exd4 42. Nd2 Rc7 43. Qa2 f3 44. g3 Qe6 45. Qb2 Rc3 46. Nb1
Qxh3 47. Qb6+ Kg5 0-1

[Event "Madrid 2023-2024ch - Semifinal"]
[Site "Madrid ESP"]
[Date "2024.05.10"]
[Round "5.1"]
[White "Rodriguez Melendez, Juan Humbert"]
[Black "Martin Rodriguez, Emilio"]
[Result "1-0"]
[WhiteElo "2073"]
[BlackElo "2037"]
[PlyCount "69"]
[EventDate "2024.05.06"]
[EventRounds "7"]
[SourceTitle "AjedrezenMadrid"]
[Source "lmi"]
[SourceDate "2024.05.06"]
[SourceVersion "1"]
[SourceVersionDate "2024.05.12"]
[SourceQuality "1"]

1. e4 c6 2. d4 d5 3. e5 c5 4. c3 Nc6 5. Be2 Bf5 6. Nf3 e6 7. O-O Bg4 8. Nbd2
cxd4 9. Nxd4 Bxe2 10. Qxe2 Nxd4 11. cxd4 Qb6 12. Nb3 a5 13. Be3 a4 14. Nc5 Bxc5
15. dxc5 Qc6 16. b4 Ne7 17. Rab1 Nf5 18. b5 Qc7 19. c6 Qxe5 20. cxb7 Rb8 21.
Qc2 O-O 22. Bc5 Rfe8 23. Ba7 Rxb7 24. Qc6 Rbe7 25. Bc5 Nd4 26. Bxd4 Qxd4 27.
Rfc1 Qa7 28. b6 Qb7 29. Qxa4 Rb8 30. Qb5 Kf8 31. a4 Ra8 32. a5 Rd7 33. a6 Rxa6
34. Qxd7 Qxd7 35. b7 1-0

[Event "Madrid 2023-2024ch - Semifinal"]
[Site "Madrid ESP"]
[Date "2024.05.10"]
[Round "5.2"]
[White "Torres Rebolledo, Victor"]
[Black "Rios Rebollo, Victor"]
[Result "1/2-1/2"]
[WhiteElo "2214"]
[BlackElo "2039"]
[PlyCount "169"]
[EventDate "2024.05.06"]
[EventRounds "7"]
[SourceTitle "AjedrezenMadrid"]
[Source "lmi"]
[SourceDate "2024.05.06"]
[SourceVersion "1"]
[SourceVersionDate "2024.05.12"]
[SourceQuality "1"]

1. d4 d5 2. c4 e6 3. Nc3 Nf6 4. Nf3 a6 5. cxd5 exd5 6. Bg5 Be7 7. e3 O-O 8. Bd3
c6 9. Qc2 Nbd7 10. O-O Re8 11. h3 Nf8 12. Ne5 Ne4 13. Bf4 Nd6 14. b4 f6 15. Nf3
Nc4 16. Qb3 Be6 17. a4 b5 18. a5 Bd6 19. Ne2 g5 20. Bxd6 Qxd6 21. Qc3 Bf7 22.
Bxc4 dxc4 23. Ng3 Bg6 24. Nd2 h5 25. f4 h4 26. Nh1 Bd3 27. Rf3 Re6 28. f5 Re7
29. Nf2 Rae8 30. Re1 Rd8 31. Nxd3 cxd3 32. Nb3 Nd7 33. Rd1 Rg7 34. Nc5 Nxc5 35.
bxc5 Qd5 36. Rxd3 Kh7 37. Qe1 Qe4 38. Rd2 Re8 39. Re2 Rb7 40. Qb4 Qd3 41. Rd2
Qe4 42. Qb3 Rd7 43. Qd1 Kh6 44. Qc2 Qd5 45. Qa2 Qe4 46. Kf2 g4 47. hxg4 Qxg4
48. d5 cxd5 49. Qb2 Qg5 50. Kf1 Rg8 51. Qd4 Rdg7 52. Qxd5 Qg4 53. Qd4 Qg5 54.
Qf4 Rc8 55. Rc2 Rc6 56. Qxg5+ Kxg5 57. g3 h3 58. Kg1 Kg4 59. Rf4+ Kxg3 60. Rcf2
Rg4 61. R4f3+ Kh4+ 62. Kh2 Rg2+ 63. Rxg2 hxg2 64. Kxg2 Rxc5 65. e4 Kg4 66. Rd3
Rc6 67. Rd7 Kf4 68. Re7 Rc2+ 69. Kf1 Ra2 70. Re6 Rxa5 71. Rxf6 Kxe4 72. Rf8 b4
73. f6 Rf5+ 74. Ke2 Ke5 75. f7 Ke6 76. Rb8 Kxf7 77. Rxb4 a5 78. Rb7+ Ke6 79.
Kd3 Kd6 80. Kc3 Kc6 81. Rb8 Rf4 82. Kb3 Rf1 83. Kb2 a4 84. Ra8 Kb5 85. Rb8+
1/2-1/2

[Event "Madrid 2023-2024ch - Semifinal"]
[Site "Madrid ESP"]
[Date "2024.05.10"]
[Round "5.3"]
[White "De La Puerta Cresis, Javier"]
[Black "Gutierrez Diaz, Pablo"]
[Result "1-0"]
[WhiteElo "2233"]
[BlackElo "1994"]
[PlyCount "69"]
[EventDate "2024.05.06"]
[EventRounds "7"]
[SourceTitle "AjedrezenMadrid"]
[Source "lmi"]
[SourceDate "2024.05.06"]
[SourceVersion "1"]
[SourceVersionDate "2024.05.12"]
[SourceQuality "1"]

1. e4 c5 2. Nf3 Nc6 3. Bb5 Nd4 4. Nxd4 cxd4 5. c3 Qb6 6. Ba4 e5 7. O-O Nf6 8.
cxd4 Qxd4 9. Nc3 Bb4 10. Nb5 Qb6 11. d3 O-O 12. a3 Be7 13. Be3 Bc5 14. Bg5 Be7
15. Rc1 d5 16. Nc7 Rb8 17. Bxf6 Bxf6 18. Nxd5 Qxb2 19. Nxf6+ gxf6 20. f4 Kh8
21. f5 Bd7 22. Bb3 Rbd8 23. Rf3 Bc6 24. Rb1 Qd4+ 25. Kh1 a5 26. Rh3 Rg8 27.
Rxh7+ Kxh7 28. Qh5+ Kg7 29. Qxf7+ Kh6 30. Qxf6+ Kh7 31. Qh4+ Kg7 32. Qg5+ Kh7
33. Qh5+ Kg7 34. Qg6+ Kh8 35. Qh6# 1-0

[Event "Madrid 2023-2024ch - Semifinal"]
[Site "Madrid ESP"]
[Date "2024.05.10"]
[Round "5.4"]
[White "Garcia Dorado, Alberto"]
[Black "Vioque Gonzalez, Nicolas"]
[Result "0-1"]
[WhiteElo "2199"]
[BlackElo "2045"]
[PlyCount "76"]
[EventDate "2024.05.06"]
[EventRounds "7"]
[SourceTitle "AjedrezenMadrid"]
[Source "lmi"]
[SourceDate "2024.05.06"]
[SourceVersion "1"]
[SourceVersionDate "2024.05.12"]
[SourceQuality "1"]

1. d4 d5 2. c4 e6 3. Nf3 Nf6 4. g3 dxc4 5. Bg2 a6 6. a4 Nc6 7. O-O Rb8 8. e3 b5
9. axb5 axb5 10. b3 cxb3 11. Nbd2 Bd6 12. Bb2 O-O 13. e4 Bb4 14. e5 Nd5 15.
Nxb3 Nb6 16. Qc2 Ne7 17. Ng5 Nf5 18. h4 h6 19. Ne4 Bb7 20. Rfd1 Nc4 21. Bc3 Be7
22. Na5 Bd5 23. Nxc4 Bxc4 24. Nc5 Bd5 25. Ne4 b4 26. Bb2 Ra8 27. Rdc1 b3 28.
Qd3 Ra2 29. Rxa2 bxa2 30. Bf1 Qa8 31. Nc3 Rb8 32. Ba1 Qa3 33. Qd2 Bb4 34. Qc2
Nxd4 35. Qd1 Bxc3 36. Rxc3 Rb1 37. Qxd4 Qa6 38. Rd3 Qc4 0-1

[Event "Madrid 2023-2024ch - Semifinal"]
[Site "Madrid ESP"]
[Date "2024.05.10"]
[Round "5.5"]
[White "Perez Diez, Victor"]
[Black "Torres Boch, Jose Francisco"]
[Result "1-0"]
[WhiteElo "2012"]
[BlackElo "2126"]
[PlyCount "63"]
[EventDate "2024.05.06"]
[EventRounds "7"]
[SourceTitle "AjedrezenMadrid"]
[Source "lmi"]
[SourceDate "2024.05.06"]
[SourceVersion "1"]
[SourceVersionDate "2024.05.12"]
[SourceQuality "1"]

1. e4 c5 2. Nc3 a6 3. g3 b5 4. Bg2 Bb7 5. d3 e6 6. Be3 Nf6 7. h3 d5 8. exd5
Nxd5 9. Nxd5 Bxd5 10. Nf3 Be7 11. O-O O-O 12. Nd2 Nc6 13. Ne4 Nd4 14. c3 Nf5
15. Bxc5 Bxc5 16. Nxc5 Bxg2 17. Kxg2 Qd5+ 18. Ne4 Rfd8 19. Qf3 Qxd3 20. Qxd3
Rxd3 21. Rfd1 Rad8 22. Rxd3 Rxd3 23. a4 Kf8 24. axb5 axb5 25. Ra8+ Ke7 26. Rb8
Rd5 27. Rb7+ Ke8 28. g4 Nh4+ 29. Kg3 f5 30. Ng5 h6 31. Nxe6 Rd3+ 32. Kxh4 1-0

[Event "Madrid 2023-2024ch - Semifinal"]
[Site "Madrid ESP"]
[Date "2024.05.10"]
[Round "5.6"]
[White "Torres Rebolledo, Alvaro"]
[Black "Blazquez Sanz, Oscar"]
[Result "1-0"]
[WhiteElo "2100"]
[BlackElo "1965"]
[PlyCount "79"]
[EventDate "2024.05.06"]
[EventRounds "7"]
[SourceTitle "AjedrezenMadrid"]
[Source "lmi"]
[SourceDate "2024.05.06"]
[SourceVersion "1"]
[SourceVersionDate "2024.05.12"]
[SourceQuality "1"]

1. e4 e5 2. Nf3 Nc6 3. Bc4 Nf6 4. d3 h6 5. c3 Bc5 6. b4 Bb6 7. a4 a6 8. O-O d6
9. Be3 Ne7 10. Bxb6 cxb6 11. Re1 Ng6 12. d4 Qc7 13. Bf1 Nf4 14. c4 O-O 15. h3
Nh7 16. Nc3 Ng5 17. Nxg5 hxg5 18. dxe5 dxe5 19. Nd5 Qd8 20. g3 Ne6 21. Kg2 Nd4
22. Bd3 Qd6 23. Qh5 Be6 24. Qxg5 Bxd5 25. exd5 f5 26. Qe3 Rae8 27. f4 Qxb4 28.
fxe5 Qb2+ 29. Kh1 f4 30. gxf4 Nf5 31. Bxf5 Rxf5 32. Rg1 g5 33. Qe4 Ref8 34. e6
Qc3 35. Kh2 Qb2+ 36. Rg2 Qxa1 37. e7 Qf6 38. Qxf5 Qxf5 39. Rxg5+ Kf7 40.
exf8=Q+ 1-0